| 000 | 00402nam a2200181Ia 4500 | ||
|---|---|---|---|
| 003 | 0100 | ||
| 008 | 130303s9999 xx 000 0 und d | ||
| 040 | _cARRUPELIB | ||
| 050 | _aB53.A9 1952 | ||
| 100 | _aAyer, Alfred Jules | ||
| 245 | _aLanguage, truth and logic | ||
| 260 | _aNew York | ||
| 260 | _bDover Publications | ||
| 260 | _C1952 | ||
| 300 | _a160p. | ||
| 300 | _b 18 cm | ||
| 942 | 0 | 0 | _05 |
| 999 |
_c54880 _d54880 |
||